000 00944nam a22002537a 4500
003 BD-DhSAU
005 20170809165413.0
008 161006b2015 bg ad||| |||| 00| 0 eng d
040 _aBD-DhSAU
082 _222
_a630
_bM744
100 _aMondal, Auditi
_4REGISTRATION NO. # 08-02737
245 _aGrowth, yield and quality of BARI TSP-I as influenced by nitrogen and vermicompost / Ms Thesis
_c Auditi Mondal
260 _aDhaka :
_bSher- e- Bangla Agricultural University , Department of Agronomy
_c2015
300 _axi , 98 p. :
_bill. ;
_c30 cm.
590 _aKamim
650 _aAgriculture
650 _aAgronomy
650 _aGrowth, yield and quality of BARI TSP-I
650 _aInfluenced by nitrogen and vermicompost
700 _aRoy, Tuhin Suvra
_4Supervisor
700 _aKarim, Md. Fazlul
_4Co-Supervisor
856 _uhttp://archive.saulibrary.edu.bd:8080/handle/123456789/994
_yOnline Access
942 _2ddc
_cTHESIS
999 _c13593
_d13592